Welcome to CU Library Online Public Access Catalogue (OPAC)

The century of the Holy Spirit : (Record no. 6668)

MARC details
000 -LEADER
fixed length control field 00969cam a2200229 a 4500
001 - CONTROL NUMBER
control field 12919482
005 - DATE AND TIME OF LATEST TRANSACTION
control field 20250625101841.0
008 - FIXED-LENGTH DATA ELEMENTS--GENERAL INFORMATION
fixed length control field 020906s2001 tnua b 001 0 eng d
020 ## - INTERNATIONAL STANDARD BOOK NUMBER
International Standard Book Number 0785245502
020 ## - INTERNATIONAL STANDARD BOOK NUMBER
Canceled/invalid ISBN 9781418587536 (epub)
050 00 - LIBRARY OF CONGRESS CALL NUMBER
Classification number BR1644.5.U6
Item number S858 2001
082 00 - DEWEY DECIMAL CLASSIFICATION NUMBER
Classification number 277.3/082
Edition information 21
245 04 - TITLE STATEMENT
Title The century of the Holy Spirit :
Remainder of title 100 years of Pentecostal and charismatic renewal, 1901-2001 /
Statement of responsibility, etc. [edited by] Vinson Synan.
260 ## - PUBLICATION, DISTRIBUTION, ETC.
Place of publication, distribution, etc. Nashville :
Name of publisher, distributor, etc. Thomas Nelson Publishers,
Date of publication, distribution, etc. c2001.
300 ## - PHYSICAL DESCRIPTION
Extent xi, 492 p. :
Other physical details ill. (some col.) ;
Dimensions 24 cm.
500 ## - GENERAL NOTE
General note Includes a detachable, color foldout timeline and genealogy tree in back of book.
650 #0 - SUBJECT ADDED ENTRY--TOPICAL TERM
Topical term or geographic name entry element Pentecostalism
Geographic subdivision United States
General subdivision History
Chronological subdivision 20th century.
700 1# - ADDED ENTRY--PERSONAL NAME
Personal name Synan, Vinson.
856 41 - ELECTRONIC LOCATION AND ACCESS
Materials specified Table of contents only
Uniform Resource Identifier <a href="http://www.loc.gov/catdir/toc/fy033/2002512238.html">http://www.loc.gov/catdir/toc/fy033/2002512238.html</a>
856 42 - ELECTRONIC LOCATION AND ACCESS
Materials specified Publisher description
Uniform Resource Identifier <a href="http://www.loc.gov/catdir/enhancements/fy0614/2002512238-d.html">http://www.loc.gov/catdir/enhancements/fy0614/2002512238-d.html</a>
942 ## - ADDED ENTRY ELEMENTS (KOHA)
Source of classification or shelving scheme Library of Congress Classification
Koha item type Books
Suppress in OPAC No
999 ## -
-- 6668
-- 6668
Holdings
Withdrawn status Lost status Source of classification or shelving scheme Damaged status Not for loan Collection Home library Current library Shelving location Date acquired Total checkouts Full call number Barcode Date last seen Copy number Price effective from Koha item type
    Library of Congress Classification     Non-fiction Undergraduate Library (Christ Temple) Undergraduate Library (Christ Temple) General stacks 06/25/2025   BR1644 SYN ulct00003498 06/25/2025 1 06/25/2025 Books
© 2023-2024 Copyright: Central University Libraries. All Rights Reserved | Created by: Mahone Tech Office